Pythagorean Theorem: Find the Missing Side Quiz Stats

 Plays Quiz not verified by Sporcle

Support Sporcle.
Go Orange.
Score 0/20 Timer 20:00
0 Plays Today
% Correct
5
92.3%
10
73.1%
15
65.4%
17
61.5%
√74
46.2%
12√2
46.2%
21
46.2%
24
42.3%
36
42.3%
192
42.3%
% Correct
216
38.5%
432
38.5%
72√2
34.6%
2,592
30.8%
36√3
26.9%
12√3
23.1%
48√6
23.1%
864
15.4%
972
15.4%
216√30
15.4%

You're not logged in!

Compare scores with friends on all Sporcle quizzes.
OR
Log In
Forgot?

From the Vault

Disney Closing Lines

by MagsYoLove

Time to get ready for the credits!
Remove Ads.
Support Sporcle.
Get the best of Sporcle when you Go Orange. This ad-free experience offers more features, more stats, and more fun while also helping to support Sporcle. Thank you for becoming a member.

Show Comments

Extras

Created Feb 26, 2020ReportNominate
Tags:Numbers Quiz

Top Quizzes Today


Score Distribution

Your Account Isn't Verified!

In order to create a playlist on Sporcle, you need to verify the email address you used during registration. Go to your Sporcle Settings to finish the process.

Report this User

Report this user for behavior that violates our Community Guidelines.

Details: